| 000 | 00786 a2200277 4500 | ||
|---|---|---|---|
| 005 | 20260129111318.0 | ||
| 008 | 260128b |||||||| |||| 00| 0 eng d | ||
| 020 |
_a9781265126001 _c$ 35.00 |
||
| 040 | _aMAIN | ||
| 082 |
_a616.9041 _bC441L(18) |
||
| 100 | _aChin-Hong, Peter | ||
| 245 | _aLevinson's review of medical microbiology and immunology: A guide to clinical infectious diseases | ||
| 250 | _a18th | ||
| 260 |
_bMcGraw Hill _c2024 _aNew York |
||
| 300 | _aix, 843 | ||
| 650 | _aImmunology | ||
| 650 | _aPathology | ||
| 650 | _aClinical Virology | ||
| 700 | _aJoyce, Elizabeth A | ||
| 700 | _aKarandikar, Manjiree | ||
| 700 | _aMatloubian, Mehrdad | ||
| 700 | _aRubio, Luis Alberto | ||
| 700 | _aSchwartz, Brian | ||
| 700 | _aLevinson, Warren | ||
| 942 | _cBK | ||
| 999 |
_c393782 _d393782 |
||